[Event "BCF-chT3W 2223 (4NCL)"]
[Site "England"]
[Date "2023.05.01"]
[Round "11.42"]
[White "Valentine, Brian J"]
[Black "Rudny, Tomasz"]
[Result "1/2-1/2"]
[WhiteElo "1911"]
[BlackElo "1919"]
[PlyCount "37"]
[EventDate "2022.10.22"]
[EventType "team-tourn"]
[EventRounds "11"]
[EventCountry "ENG"]
[SourceTitle "EXT 2024"]
[Source "ChessBase"]
[SourceDate "2023.10.10"]
[SourceVersion "1"]
[SourceVersionDate "2023.10.10"]
[SourceQuality "1"]
[WhiteTeam "MK Phoenix II"]
[BlackTeam "Oxford II"]
[WhiteTeamCountry "ENG"]
[BlackTeamCountry "ENG"]

1. e4 c5 2. Nf3 Nc6 3. Bb5 Nf6 4. Nc3 g6 5. d3 Bg7 6. h3 e5 7. Bxc6 dxc6 8. Nxe5 Nxe4 9. Nxe4 Bxe5 10. Qf3 f5 11. Nd2 Qe7 12. 0-0 0-0 13. Nc4 Bc7 14. Bd2 f4 15. Rfe1 Qg5 16. Bc3 Qd5 17. Re7 Rf7 18. Re8+ Rf8 19. Re7 1/2-1/2

[Event "BCF-chT3Sa 1920 (4NCL)"]
[Site "England"]
[Date "2020.02.08"]
[Round "5.31"]
[White "Oliveira, Sancho"]
[Black "Rudny, Tomasz"]
[Result "1-0"]
[WhiteElo "2267"]
[BlackElo "1952"]
[PlyCount "86"]
[EventDate "2019.11.09"]
[EventType "team-tourn"]
[EventRounds "11"]
[EventCountry "ENG"]
[SourceTitle "EXT 2023"]
[Source "ChessBase"]
[SourceDate "2022.10.05"]
[SourceVersion "1"]
[SourceVersionDate "2022.10.05"]
[SourceQuality "1"]
[WhiteTeam "CSC"]
[BlackTeam "Oxford III"]
[WhiteTeamCountry "ENG"]
[BlackTeamCountry "ENG"]

1. e4 e5 2. Nf3 Nc6 3. Bb5 a6 4. Ba4 Nf6 5. 0-0 Be7 6. Re1 b5 7. Bb3 0-0 8. h3 d6 9. c3 Nb8 10. d4 Nbd7 11. Nbd2 Bb7 12. Bc2 Re8 13. Nf1 Bf8 14. Ng3 g6 15. a4 c5 16. d5 c4 17. Bg5 h6 18. Be3 Nc5 19. Qd2 Kh7 20. Ra3 Qd7 21. Rea1 Qc7 22. Nh2 Nfxe4 23. Nxe4 Nxe4 24. Bxe4 f5 25. axb5 fxe4 26. bxa6 Bc8 27. Nf1 Qb8 28. Qe2 Bd7 29. R1a2 Qc8 30. Nd2 Bb5 31. Nxe4 Be7 32. a7 Qf5 33. f3 Qf7 34. Qd2 g5 35. Ra5 Bd7 36. Qe2 Rf8 37. Qxc4 Bxh3 38. Nf2 Bxg2 39. Qe4+ Kg7 40. Kxg2 Qh5 41. Rb5 Rf4 42. Bxf4 gxf4 43. Rb8 Qg5+ 1-0

[Event "BCF-chT3Sa 1920 (4NCL)"]
[Site "England"]
[Date "2020.01.11"]
[Round "3.36"]
[White "Smith, Nigel D"]
[Black "Rudny, Tomasz"]
[Result "1-0"]
[WhiteElo "1885"]
[BlackElo "1907"]
[PlyCount "104"]
[EventDate "2019.11.09"]
[EventType "team-tourn"]
[EventRounds "11"]
[EventCountry "ENG"]
[SourceTitle "EXT 2023"]
[Source "ChessBase"]
[SourceDate "2022.10.05"]
[SourceVersion "1"]
[SourceVersionDate "2022.10.05"]
[SourceQuality "1"]
[WhiteTeam "Surbiton"]
[BlackTeam "Oxford III"]
[WhiteTeamCountry "ENG"]
[BlackTeamCountry "ENG"]

1. b3 d5 2. Bb2 Nf6 3. e3 e6 4. Nf3 Be7 5. c4 0-0 6. Nc3 b6 7. cxd5 Nxd5 8. Nxd5 Qxd5 9. Bc4 Qe4 10. Qe2 Rd8 11. 0-0 Bb7 12. d4 Nd7 13. Rac1 c5 14. Rfd1 Nf8 15. h3 Qf5 16. Ba3 Ng6 17. dxc5 bxc5 18. Bb2 a5 19. a4 Be4 20. Bc3 Bf6 21. Rxd8+ Bxd8 22. Rd1 Bf6 23. Bxf6 Qxf6 24. Nh2 Rd8 25. f3 Bc6 26. Ng4 Qe7 27. Qe1 h5 28. Nf2 Rxd1 29. Qxd1 Qd7 30. Qxd7 Bxd7 31. Nd3 Bc6 32. Kf2 Bd5 33. Bxd5 exd5 34. Nxc5 Ne5 35. Ke2 Kf8 36. Nb7 Nc6 37. Kd3 Ke7 38. Kc3 Kd7 39. Nc5+ Kd6 40. Nd3 g5 41. b4 axb4+ 42. Nxb4 Na5 43. Nd3 Nc6 44. Nc1 f5 45. Nb3 f4 46. exf4 gxf4 47. Nd4 Ne7 48. Kb4 Ke5 49. Kc5 Nc8 50. Nc6+ Ke6 51. a5 Nd6 52. a6 Kd7 1-0

[Event "West Bromwich Midland op-B"]
[Site "West Bromwich"]
[Date "2017.08.12"]
[Round "2"]
[White "Quraishi, Shahab"]
[Black "Rudny, Tomasz"]
[Result "0-1"]
[WhiteElo "1892"]
[BlackElo "1632"]
[PlyCount "104"]
[EventDate "2017.08.11"]
[EventType "swiss"]
[EventRounds "5"]
[EventCountry "ENG"]
[SourceTitle "CBM 180 Extra"]
[Source "ChessBase"]
[SourceDate "2017.10.06"]
[SourceVersion "1"]
[SourceVersionDate "2017.10.06"]
[SourceQuality "1"]

1. e4 c5 2. Nf3 d6 3. d4 cxd4 4. Nxd4 Nf6 5. Nc3 a6 6. a3 e6 7. Be3 Qc7 8. Be2 Be7 9. 0-0 0-0 10. f4 Nc6 11. Kh1 b5 12. Nxc6 Qxc6 13. e5 dxe5 14. fxe5 Nd5 15. Bf3 Bb7 16. Qe1 Qc7 17. Bd2 Nxc3 18. Bxc3 Bxf3 19. Rxf3 Rad8 20. Qe4 Rd5 21. Raf1 Qd7 22. Rh3 h6 23. Qg4 Bg5 24. Rg3 Rd8 25. h4 Rd1 26. Rgf3 Rxf1+ 27. Rxf1 Be7 28. Kh2 Rc8 29. Qh5 Bxa3 30. Rf3 Bf8 31. Rd3 Qe7 32. Rg3 Rc4 33. Qf3 Qxh4+ 34. Rh3 Qf4+ 35. Qxf4 Rxf4 36. Rd3 b4 37. Bd2 Rc4 38. Rd8 g5 39. Ra8 Kg7 40. c3 bxc3 41. Bxc3 Bb4 42. Bxb4 Rxb4 43. Rxa6 Rxb2 44. Ra5 Rd2 45. Ra3 Kg6 46. Re3 g4 47. Kg3 h5 48. Re1 Kg5 49. Rf1 h4+ 50. Kh2 h3 51. Rxf7 Rxg2+ 52. Kh1 Re2 0-1

[Event "Mazowieckie-chT 0405"]
[Site "Poland"]
[Date "2004.10.17"]
[Round "2"]
[White "Rogulski, Witold"]
[Black "Rudny, Tomasz"]
[Result "1/2-1/2"]
[WhiteElo "2015"]
[BlackElo "1800"]
[PlyCount "58"]
[EventDate "2004.10.03"]
[EventType "team-tourn"]
[EventRounds "10"]
[EventCountry "POL"]
[SourceTitle "EXT 2019"]
[Source "ChessBase"]
[SourceDate "2018.10.10"]
[SourceVersion "1"]
[SourceVersionDate "2018.10.10"]
[SourceQuality "1"]

1. e4 c5 2. c3 Nf6 3. d3 Nc6 4. g3 d6 5. Bg2 g6 6. Ne2 Bg7 7. 0-0 0-0 8. h3 Bd7 9. Be3 e5 10. Nd2 b5 11. f4 Ne8 12. f5 Rb8 13. g4 Qc8 14. Nf3 b4 15. Qd2 Qa6 16. Bh6 bxc3 17. bxc3 Qb5 18. Bxg7 Kxg7 19. Rab1 Qxb1 20. Rxb1 Rxb1+ 21. Kh2 Nf6 22. Ng3 Rfb8 23. d4 R8b2 24. Qd3 cxd4 25. cxd4 exd4 26. g5 Ne8 27. Nxd4 Ne5 28. Qc3 Kg8 29. Nge2 Rxa2 1/2-1/2